Normal view
MARC view
- SCIENCE / Life Sciences / Human Anatomy & Physiology
Entry Topical Term
001 - CONTROL NUMBER
- control field: 95006
003 - CONTROL NUMBER IDENTIFIER
- control field: NUST
005 - DATE AND TIME OF LATEST TRANSACTION
- control field: 20220725162051.0
008 - FIXED-LENGTH DATA ELEMENTS
- fixed length control field: 220725|| aca||aabn | a|a d
040 ## - CATALOGING SOURCE
- Original cataloging agency: NUST
- Transcribing agency: NUST
150 ## - HEADING--TOPICAL TERM
- Topical term or geographic name entry element: SCIENCE / Life Sciences / Human Anatomy & Physiology
670 ## - SOURCE DATA FOUND
- Source citation: Work cat.: (NUST)0: Bryson, Bill, author. 95005, The body :
